000 01301cam a2200145 4500500
005 20260405000125.0
041 _afre
042 _adc
100 1 0 _aBerenson, Bernard
_eauthor
700 1 0 _aGillet, Louis
_eauthor
245 0 0 _aLes Peintres italiens de la Renaissance
260 _bKlincksieck,
_c2017.
520 _aLégendaire connaisseur de la peinture italienne, Bernard Berenson (1865-1959) a bâti son autorité et sa fortune sur le seul pouvoir de son œil, capable de reconnaître entre mille une copie d'un original ou de reconstituer l'œuvre de tel maître italien oublié. Entre 1894 et 1907, Berenson réécrit rien moins que l'histoire de la peinture de la Renaissance, dans quatre petits livres abordant la Péninsule par régions. Leur succès fut tel qu'en 1930 on les publia en un volume unique, Les peintres italiens de la Renaissance. Magistralement traduit par l'historien de l'art Louis Gillet, cet ouvrage restitue la vision très passionnelle de Berenson, pour lequel la Renaissance est le miroir de notre propre jeunesse et possède l'éclat de « ces années où, à nous-mêmes et à autrui, nous apparûmes pleins de promesses ».
856 4 1 _uhttps://shs.cairn.info/les-peintres-italiens-de-la-renaissance--9782252040492?lang=fr&redirect-ssocas=7080
999 _c2033968
_d2033968